Click to translate - Hebrew - Statistics

General Stats
  • This quiz has been taken 40 times
  • The average score is 8 of 15
Answer Stats
Hint Answer % Correct
מרכז center
75%
ממשלה government
68%
טוב לב kind
68%
גיל age
64%
פרטי private
64%
מיומנויות skills
64%
עצה advice
61%
בדיוק exactly
61%
כללי general
61%
לחתום sign
50%
לאשר confirm
46%
מקצוע profession
46%
לזהות identify
43%
תשלום fee
36%
לקבוע book
29%
No matching quizzes found
Score Distribution
Percent of People with Each Score
Percentile by Number Answered
Your Score History
You have not taken this quiz